<?xml version="1.0" encoding="UTF-8"?>
<marc:record xmlns:marc="http://www.loc.gov/MARC21/slim">
   <marc:leader>00000nam a2200000 a 4500</marc:leader>
   <marc:datafield ind1="1" ind2=" " tag="100">
      <marc:subfield code="a">Lane, Andrew</marc:subfield>
      <marc:subfield code="4">aut</marc:subfield>
      <marc:subfield code="e">Verfasser/-in</marc:subfield>
   </marc:datafield>
   <marc:datafield ind1="0" ind2="0" tag="245">
      <marc:subfield code="a">Young Sherlock Holmes - Nur der Tod ist umsonst</marc:subfield>
   </marc:datafield>
   <marc:datafield ind1="0" ind2="0" tag="245">
      <marc:subfield code="c">Andrew Lane</marc:subfield>
   </marc:datafield>
   <marc:datafield ind1=" " ind2="1" tag="264">
      <marc:subfield code="a">Frankfurt/M.</marc:subfield>
      <marc:subfield code="b">Fischer Taschenbuchverlag</marc:subfield>
      <marc:subfield code="c">2013</marc:subfield>
   </marc:datafield>
   <marc:datafield ind1="1" ind2=" " tag="490">
      <marc:subfield code="a">Young Sherlock Holmes</marc:subfield>
      <marc:subfield code="v">4</marc:subfield>
   </marc:datafield>
   <marc:datafield ind1="1" ind2=" " tag="520">
      <marc:subfield code="a">Der vierte Fall des jungen Meisterdetektives Drei abgründige Fälle hat der junge Sherlock Holmes bereits geknackt. Doch diesmal steht er vor einem unlösbar scheinenden Rätsel: Sein Mentor Amyus Crowe ist spurlos verschwunden. Auf der Suche nach seinem Lehrer findet Sherlock dessen Haus vollkommen verwaist vor. Es ist, als habe dort niemals eine Menschenseele gewohnt. Sherlock findet jedoch einen versteckten Hinweis und begibt sich auf die Suche. Er stößt auf Entführung, Leichenraub und einen Mann, der glaubt, Meister über den Tod zu sein. Der junge Detektiv kennt die Spielarten des Bösen - doch kann er teuflischen Größenwahn besiegen? (Verl.txt.)</marc:subfield>
   </marc:datafield>
   <marc:datafield ind1=" " ind2=" " tag="020">
      <marc:subfield code="a">9783596197224</marc:subfield>
      <marc:subfield code="9">9783596197224</marc:subfield>
   </marc:datafield>
   <marc:datafield ind1=" " ind2=" " tag="020">
      <marc:subfield code="a">3596197228</marc:subfield>
      <marc:subfield code="9">3596197228</marc:subfield>
   </marc:datafield>
   <marc:datafield ind1=" " ind2=" " tag="500">
      <marc:subfield code="a">aus dem Engl. von Christian Dreller</marc:subfield>
   </marc:datafield>
   <marc:datafield ind1=" " ind2=" " tag="300">
      <marc:subfield code="a">426 S.</marc:subfield>
   </marc:datafield>
</marc:record>
